000 00337nam a22001457a 4500
008 210309b ||||| |||| 00| 0 eng d
020 _a139781305077898
041 _aeng
080 _a51
082 _251
100 _a37
101 _aMAT
245 _aMathematical Excursions
_cAufmann, Lockwood , Nation , Clegg
942 _2udc
_cBK
999 _c56042
_d56042